हम सभ्य औरतें / (Record no. 119156)

MARC details
000 -LEADER
fixed length control field 01130nam a22002777a 4500
003 - CONTROL NUMBER IDENTIFIER
control field dpl
005 - DATE AND TIME OF LATEST TRANSACTION
control field 20190423131842.0
008 - FIXED-LENGTH DATA ELEMENTS--GENERAL INFORMATION
fixed length control field 190423b ||||| |||| 00| 0 eng d
010 ## - LIBRARY OF CONGRESS CONTROL NUMBER
LC control number B-068302
020 ## - INTERNATIONAL STANDARD BOOK NUMBER
Terms of availability 250.00
International Standard Book Number 8171380239
035 ## - SYSTEM CONTROL NUMBER
System control number B-068302, B-068306
037 ## - SOURCE OF ACQUISITION
Source of stock number/acquisition Cen Lib/Ret
040 ## - CATALOGING SOURCE
Original cataloging agency DPL
Language of cataloging HN
Transcribing agency 0
082 ## - DEWEY DECIMAL CLASSIFICATION NUMBER
Classification number 305.4
Item number मनीषा
100 ## - MAIN ENTRY--PERSONAL NAME
Personal name मनीषा
9 (RLIN) 6954
245 ## - TITLE STATEMENT
Title हम सभ्य औरतें /
Statement of responsibility, etc मनीषा
246 ## - VARYING FORM OF TITLE
Title proper/short title Hum sabhye aurten /
Remainder of title by Maneesha
260 ## - PUBLICATION, DISTRIBUTION, ETC. (IMPRINT)
Name of publisher, distributor, etc सामयिक प्रकाशन
Place of publication, distribution, etc नई दिल्ली
Date of publication, distribution, etc 2002
270 ## - ADDRESS
City नई दिल्ली
Postal code 110002
Address 3320-21 जटवाड़ा, नेताजी सुभाष मार्ग, दरियागंज
300 ## - PHYSICAL DESCRIPTION
Extent 240पृ.
Dimensions 20सेमी(सजिल्द)
650 ## - SUBJECT ADDED ENTRY--TOPICAL TERM
Topical term or geographic name as entry element हिन्दी कहानियाँ
9 (RLIN) 83606
650 ## - SUBJECT ADDED ENTRY--TOPICAL TERM
Topical term or geographic name as entry element समाज में औरत का स्थान
9 (RLIN) 83607
650 ## - SUBJECT ADDED ENTRY--TOPICAL TERM
Topical term or geographic name as entry element Hindi Stories
9 (RLIN) 83608
650 ## - SUBJECT ADDED ENTRY--TOPICAL TERM
Topical term or geographic name as entry element Woman's place in society
9 (RLIN) 83609
942 ## - ADDED ENTRY ELEMENTS (KOHA)
Source of classification or shelving scheme Dewey Decimal Classification
Koha item type Hindi Books
Classification part 305.4
Call number suffix मनीषा
Holdings
Withdrawn status Lost status Damaged status Not for loan Home library Current library Date acquired Source of acquisition Cost, normal purchase price Total Checkouts Full call number Barcode Date last seen Copy number Cost, replacement price Price effective from Koha item type Source of classification or shelving scheme Collection code
        Central Library Central Library 15/09/2015 Cen Lib/Ret 250.00   305.4 मनीषा B-068302 15/09/2015 1 250.00 15/09/2015 Hindi Books    
        Shahdara Branch Shahdara Branch 23/04/2019 BPPD/PUB 250.00   305.4 मनीषा B-068306 23/04/2019   250.00 23/04/2019 Hindi Books Dewey Decimal Classification Non-fiction

© Delhi Public Library
Hit Counter
free hit counter